000 00349nam a2200145Ia 4500
008 191201s2006 xx 000 0 und d
082 _a650.0285
_bMOC
100 _aMOHAN,P
245 0 _aComputer Business Applications
250 _a1st
260 _aN.Delhi
_bHimalaya Publication House
_c2006
300 _a304
650 _aMBA
942 _2ddc
_cBK
999 _c4306
_d4306